[Event "Lugano op 23rd"]
[Site "Lugano"]
[Date "2024.11.03"]
[Round "5"]
[White "Patuzzo, Fabrizio"]
[Black "Steinacker, Alex"]
[Result "1/2-1/2"]
[WhiteElo "2250"]
[BlackElo "2322"]
[PlyCount "78"]
[EventDate "2024.11.01"]
[EventType "swiss"]
[EventRounds "5"]
[EventCountry "SUI"]
[SourceTitle "CB45_2024"]
[Source "ChessBase"]
[SourceDate "2024.11.06"]
[SourceVersion "1"]
[SourceVersionDate "2024.11.06"]
[SourceQuality "1"]

1. d4 g6 2. Nf3 Nf6 3. c4 Bg7 4. g3 0-0 5. Bg2 d6 6. 0-0 Nc6 7. Nc3 a6 8. Bf4 Rb8 9. Rc1 h6 10. Nd5 g5 11. Nxf6+ Bxf6 12. Be3 e5 13. dxe5 dxe5 14. Bc5 Qxd1 15. Rfxd1 Rd8 16. Rxd8+ Bxd8 17. Nd2 Nd4 18. Kf1 Ne6 19. Bb4 f6 20. b3 Kf7 21. Bc3 Be7 22. Rd1 Nc5 23. Ke1 c6 24. Nf1 Be6 25. Ba5 Re8 26. Bc3 h5 27. Ne3 e4 28. Nc2 f5 29. Nd4 Bc8 30. Kd2 Bf6 31. e3 Kg6 32. Ne2 Rd8+ 33. Kc2 Nd3 34. f4 g4 35. Bf1 Be7 36. Kb1 h4 37. Nc1 Nxc1 38. Rxd8 Bxd8 39. Kxc1 c5 1/2-1/2

[Event "Lugano op 23rd"]
[Site "Lugano"]
[Date "2024.11.02"]
[Round "3"]
[White "Chennaoui, Yasin"]
[Black "Steinacker, Alex"]
[Result "1/2-1/2"]
[WhiteElo "2184"]
[BlackElo "2322"]
[PlyCount "101"]
[EventDate "2024.11.01"]
[EventType "swiss"]
[EventRounds "5"]
[EventCountry "SUI"]
[SourceTitle "CB45_2024"]
[Source "ChessBase"]
[SourceDate "2024.11.06"]
[SourceVersion "1"]
[SourceVersionDate "2024.11.06"]
[SourceQuality "1"]

1. b3 e5 2. Bb2 e4 3. c4 Nf6 4. Nc3 Bc5 5. e3 0-0 6. g4 d5 7. g5 Ng4 8. cxd5 Bf5 9. h3 Ne5 10. f4 exf3 11. Nxf3 Nd3+ 12. Bxd3 Bxd3 13. Ne5 Ba6 14. Qg4 Qe7 15. Ne4 Rd8 16. Nf6+ Kf8 17. Qh4 Bxe3 18. dxe3 gxf6 19. gxf6 Qc5 20. Qg5 Ke8 21. Rc1 Qb4+ 22. Bc3 Qf8 23. Rg1 Rxd5 24. Qg8 Nd7 25. Qxh7 Nxf6 26. Qh4 Nd7 27. Qe4 Nf6 28. Qh4 Nd7 29. Qe4 Nf6 30. Qa4+ Bb5 31. Qf4 Qe7 32. Nc6 Qa3 33. e4 Qxa2 34. Bd2 Qxd2+ 35. Qxd2 Rxd2 36. Kxd2 Bxc6 37. e5 Ne4+ 38. Ke3 Kd7 39. Rgd1+ Ke6 40. Rxc6+ bxc6 41. Kxe4 Rh8 42. Rf1 Rh4+ 43. Rf4 Rxh3 44. Rf6+ Ke7 45. Rxc6 Rxb3 46. Rxc7+ Ke6 47. Rxa7 Rb4+ 48. Kf3 Rb5 49. Kf4 Rb4+ 50. Ke3 Kxe5 51. Rxf7 1/2-1/2

[Event "BL2-Sued 2324"]
[Site "Germany"]
[Date "2024.02.24"]
[Round "7.6"]
[White "Steinacker, Alex"]
[Black "Degenhard, Simon"]
[Result "1-0"]
[WhiteElo "2309"]
[BlackElo "2207"]
[PlyCount "75"]
[EventDate "2023.10.21"]
[EventType "team-tourn"]
[EventRounds "10"]
[EventCountry "GER"]
[SourceTitle "EXT 2025"]
[Source "ChessBase"]
[SourceDate "2024.10.14"]
[SourceVersion "1"]
[SourceVersionDate "2024.10.14"]
[SourceQuality "1"]
[WhiteTeam "Schott Mainz"]
[BlackTeam "Heilbronn"]
[WhiteTeamCountry "GER"]
[BlackTeamCountry "GER"]

1. g3 d5 2. Nf3 Nf6 3. Bg2 e6 4. 0-0 Be7 5. d3 c5 6. Nbd2 Nc6 7. e4 0-0 8. Re1 b5 9. e5 Nd7 10. Nf1 a5 11. h4 Ba6 12. h5 h6 13. Bf4 Qb6 14. g4 f6 15. exf6 Bxf6 16. Bg3 Rae8 17. Rb1 Qd8 18. Qd2 Nb6 19. Ne5 Nxe5 20. Bxe5 Bxe5 21. Rxe5 Qd6 22. Rbe1 Nd7 23. R5e2 b4 24. g5 hxg5 25. Qxg5 e5 26. Ne3 Bb7 27. Ng4 Qe7 28. Qg6 Qh4 29. Nh6+ Kh8 30. Nf7+ Rxf7 31. Qxf7 Re7 32. Qg6 Nf6 33. Rxe5 Ng4 34. R5e2 Re5 35. h6 gxh6 36. Qf7 Bc6 37. Rxe5 Qh2+ 38. Kf1 1-0

[Event "BL2-West 2223"]
[Site "Germany"]
[Date "2023.03.19"]
[Round "10.6"]
[White "Steinacker, Alex"]
[Black "De Gleria, Francesco"]
[Result "1-0"]
[WhiteElo "2287"]
[BlackElo "2373"]
[PlyCount "101"]
[EventDate "2022.10.22"]
[EventType "team-tourn"]
[EventRounds "10"]
[EventCountry "GER"]
[SourceTitle "EXT 2024"]
[Source "ChessBase"]
[SourceDate "2023.10.10"]
[SourceVersion "1"]
[SourceVersionDate "2023.10.10"]
[SourceQuality "1"]
[WhiteTeam "Koblenz"]
[BlackTeam "Duesseldorf"]
[WhiteTeamCountry "GER"]
[BlackTeamCountry "GER"]

1. g3 e5 2. c4 Nf6 3. Bg2 d5 4. cxd5 Nxd5 5. Nc3 Nb6 6. Nf3 Nc6 7. 0-0 Be7 8. d3 Be6 9. Be3 Nd5 10. Nxd5 Bxd5 11. Qa4 0-0 12. Rfc1 Re8 13. Bc5 Bf6 14. e4 Be6 15. Rc3 a6 16. a3 Qd7 17. Be3 Red8 18. Rac1 h6 19. b4 Rac8 20. Qc2 Qe8 21. Qb2 Rd7 22. b5 axb5 23. Qxb5 Nd4 24. Bxd4 c6 25. Qb2 exd4 26. R3c2 Ra8 27. Ra1 Ra4 28. Nd2 Qa8 29. f4 Rd8 30. f5 Bc8 31. Nc4 Qa7 32. e5 Be7 33. Rf2 b5 34. Nd2 Bxa3 35. Qb3 Be7 36. Rxa4 bxa4 37. Qa2 Bg5 38. Rf1 Bd7 39. e6 Be8 40. Ne4 Be3+ 41. Kh1 fxe6 42. f6 Bf7 43. Qa3 c5 44. Nxc5 gxf6 45. Nb7 Rc8 46. h4 Rc7 47. Rb1 Rc3 48. Qe7 Kg7 49. Rf1 f5 50. Rxf5 exf5 51. Bd5 1-0

[Event "BL2-West 2223"]
[Site "Germany"]
[Date "2023.02.26"]
[Round "8.8"]
[White "Marcziter, Dmitrii"]
[Black "Steinacker, Alex"]
[Result "1/2-1/2"]
[WhiteElo "2262"]
[BlackElo "2287"]
[PlyCount "132"]
[EventDate "2022.10.22"]
[EventType "team-tourn"]
[EventRounds "10"]
[EventCountry "GER"]
[SourceTitle "EXT 2024"]
[Source "ChessBase"]
[SourceDate "2023.10.10"]
[SourceVersion "1"]
[SourceVersionDate "2023.10.10"]
[SourceQuality "1"]
[WhiteTeam "Koeln Porz"]
[BlackTeam "Koblenz"]
[WhiteTeamCountry "GER"]
[BlackTeamCountry "GER"]

1. d4 g6 2. c4 Bg7 3. Nf3 Nf6 4. g3 0-0 5. Bg2 d6 6. Nc3 Nc6 7. 0-0 a6 8. e4 Bg4 9. h3 Bxf3 10. Bxf3 e5 11. d5 Nd4 12. Bg2 c5 13. dxc6 bxc6 14. Be3 Nd7 15. Qd2 Rb8 16. b3 c5 17. Rac1 Nb6 18. Ne2 a5 19. Rb1 a4 20. Nc3 axb3 21. axb3 Na8 22. Bxd4 exd4 23. Nd5 Nb6 24. Rfe1 Re8 25. Qc2 Nxd5 26. cxd5 Qa5 27. Rec1 Rb7 28. Bf1 Ra8 29. Bc4 Qb4 30. Kg2 Rba7 31. Qe2 Kf8 32. Rc2 Ra1 33. Rd1 h5 34. h4 R8a7 35. Rf1 Rxf1 36. Qxf1 d3 37. Qxd3 Qe1 38. Re2 Qc1 39. Qc2 Qa1 40. Rd2 Bd4 41. Re2 Kg7 42. Bd3 Qa3 43. Bc4 Qb4 44. Qd2 Qb8 45. Qc2 Qd8 46. Qd2 Be5 47. Bd3 Ra3 48. Bc4 f6 49. Re1 g5 50. f4 Qa8 51. Re2 gxf4 52. gxf4 Bd4 53. Kh2 Kf7 54. Rg2 Qh8 55. Qd3 Qh6 56. Qg3 Ra8 57. Be2 Rf8 58. Bb5 Ke7 59. Ra2 c4 60. Bxc4 Rf7 61. Rg2 Bc5 62. Ba6 Ba3 63. Rc2 Bc5 64. Rg2 Ba3 65. Rc2 Bc5 66. Rg2 Ba3 1/2-1/2

[Event "BL2-West 2223"]
[Site "Germany"]
[Date "2022.11.26"]
[Round "3.8"]
[White "Bethke, Robert"]
[Black "Steinacker, Alex"]
[Result "1/2-1/2"]
[WhiteElo "2092"]
[BlackElo "2287"]
[PlyCount "87"]
[EventDate "2022.10.22"]
[EventType "team-tourn"]
[EventRounds "10"]
[EventCountry "GER"]
[SourceTitle "EXT 2024"]
[Source "ChessBase"]
[SourceDate "2023.10.10"]
[SourceVersion "1"]
[SourceVersionDate "2023.10.10"]
[SourceQuality "1"]
[WhiteTeam "Neuberg"]
[BlackTeam "Koblenz"]
[WhiteTeamCountry "GER"]
[BlackTeamCountry "GER"]

1. d4 g6 2. c4 Bg7 3. Nc3 Nf6 4. Nf3 0-0 5. e4 d6 6. Be2 e5 7. 0-0 Nc6 8. d5 Ne7 9. a3 Nh5 10. b4 Nf4 11. Bxf4 exf4 12. Qb3 h6 13. Rad1 g5 14. h3 Ng6 15. Nd4 Bxd4 16. Rxd4 Ne5 17. Qd1 a6 18. c5 Qf6 19. f3 h5 20. cxd6 cxd6 21. b5 axb5 22. Nxb5 Bd7 23. a4 Rfc8 24. Rb4 Bxb5 25. Rxb5 Rc7 26. Qb3 Ra7 27. Qb4 Nd7 28. Ra5 Rxa5 29. Qxa5 Rc2 30. Bb5 Nc5 31. Qc7 Kg7 32. Be8 Re2 33. Bb5 Rd2 34. Kh1 g4 35. Rg1 Nxe4 36. fxe4 f3 37. Qc1 fxg2+ 38. Rxg2 Rxg2 39. Kxg2 Qf3+ 40. Kg1 Qg3+ 41. Kh1 Qxh3+ 42. Kg1 Qg3+ 43. Kh1 Qh3+ 44. Kg1 1/2-1/2

[Event "BL2-West 1920"]
[Site "Germany"]
[Date "2019.10.20"]
[Round "2.7"]
[White "Wolter, Detlef"]
[Black "Steinacker, Alex"]
[Result "1/2-1/2"]
[WhiteElo "2218"]
[BlackElo "2295"]
[PlyCount "71"]
[EventDate "2019.09.19"]
[EventType "team-tourn"]
[EventRounds "9"]
[EventCountry "GER"]
[SourceTitle "EXT 2023"]
[Source "ChessBase"]
[SourceDate "2022.10.05"]
[SourceVersion "1"]
[SourceVersionDate "2022.10.05"]
[SourceQuality "1"]
[WhiteTeam "Bochum"]
[BlackTeam "Koblenz SV"]
[WhiteTeamCountry "GER"]
[BlackTeamCountry "GER"]

1. d4 g6 2. Nf3 Nf6 3. g3 Bg7 4. Bg2 0-0 5. 0-0 d6 6. c4 Nc6 7. d5 Na5 8. Nbd2 c5 9. e4 Bg4 10. h3 Bxf3 11. Bxf3 a6 12. Rb1 b5 13. b3 Rb8 14. cxb5 axb5 15. b4 cxb4 16. Rxb4 Qd7 17. Bg2 Rfc8 18. Nb3 Ra8 19. Nxa5 Rxa5 20. Qb3 Ne8 21. Bb2 Bxb2 22. Qxb2 Qa7 23. Ra1 Qc5 24. Bf1 Nc7 25. Rc1 Qa7 26. Rc2 Ra8 27. Qb1 Ne8 28. Rbb2 Nf6 29. Qe1 b4 30. Bg2 Rb8 31. Rxb4 Rxb4 32. Qxb4 Rxa2 33. Rxa2 Qxa2 34. Qb7 Kf8 35. Qb8+ Kg7 36. Qb7 1/2-1/2

[Event "Erfurt op 28th"]
[Site "Erfurt"]
[Date "2018.12.27"]
[Round "3"]
[White "Schupp, Uwe"]
[Black "Steinacker, Alex"]
[Result "0-1"]
[WhiteElo "2103"]
[BlackElo "2278"]
[PlyCount "72"]
[EventDate "2018.12.26"]
[EventType "swiss"]
[EventRounds "8"]
[EventCountry "GER"]
[SourceTitle "CBM 188 Extra"]
[Source "ChessBase"]
[SourceDate "2019.02.28"]
[SourceVersion "1"]
[SourceVersionDate "2019.02.28"]
[SourceQuality "1"]

1. Nf3 g6 2. g3 Bg7 3. Bg2 Nf6 4. c4 0-0 5. 0-0 d6 6. Nc3 Nc6 7. d3 h6 8. Rb1 a5 9. a3 e5 10. b4 axb4 11. axb4 Be6 12. b5 Ne7 13. Bb2 Qd7 14. Re1 Rfe8 15. Nd2 c6 16. Ra1 Qc7 17. Ra4 d5 18. Qa1 Rxa4 19. Qxa4 Nd7 20. Qb4 Bf8 21. Qa4 Nb6 22. Qb3 dxc4 23. dxc4 Rd8 24. Nce4 f5 25. Qf3 Bg7 26. c5 Na4 27. b6 Qb8 28. Bc1 fxe4 29. Qa3 Qa8 30. Nxe4 Nf5 31. Bh3 Rd4 32. Nd6 Qa5 33. Rf1 Qxc5 34. Nxf5 Qxa3 35. Nxh6+ Kh7 36. Bxa3 Bxh3 0-1

[Event "BL2-Ost 1718"]
[Site "Germany"]
[Date "2018.02.25"]
[Round "10.7"]
[White "Liepold, Stefan"]
[Black "Steinacker, Alex"]
[Result "0-1"]
[WhiteElo "2168"]
[BlackElo "2262"]
[PlyCount "92"]
[EventDate "2017.10.21"]
[EventType "team-tourn"]
[EventRounds "10"]
[EventCountry "GER"]
[SourceTitle "CBM 183 Extra"]
[Source "ChessBase"]
[SourceDate "2018.04.19"]
[SourceVersion "1"]
[SourceVersionDate "2018.04.19"]
[SourceQuality "1"]
[WhiteTeam "Erlangen"]
[BlackTeam "Erfurt"]
[WhiteTeamCountry "GER"]
[BlackTeamCountry "GER"]

1. e4 g6 2. d4 Bg7 3. Nc3 c6 4. Nf3 d6 5. Be2 Nf6 6. 0-0 0-0 7. Bf4 Nh5 8. Be3 e5 9. Qd2 Bg4 10. Rad1 Qe7 11. h3 Bxf3 12. Bxf3 Nf6 13. g3 Na6 14. Bg2 Nc7 15. f4 Ne6 16. d5 cxd5 17. fxe5 dxe5 18. Nxd5 Nxd5 19. exd5 Nd4 20. g4 Rad8 21. c3 Nb5 22. a4 Nd6 23. b3 b6 24. c4 f5 25. c5 bxc5 26. Bxc5 e4 27. gxf5 gxf5 28. Kh1 Kh8 29. Qf4 Qe5 30. Qxe5 Bxe5 31. Bxa7 f4 32. Rfe1 f3 33. Bf1 Nf5 34. Bf2 Bg3 35. Kg1 e3 36. Rxe3 Bxf2+ 37. Kxf2 Nxe3 38. Kxe3 f2 39. Bg2 Rde8+ 40. Kd2 Rg8 41. Bf1 Rg5 42. Bc4 Rg1 43. Bf1 Re4 44. Rb1 Rg5 45. Bc4 Rxc4 46. bxc4 Rg1 0-1

[Event "BL2-Ost 1718"]
[Site "Germany"]
[Date "2017.10.22"]
[Round "2.8"]
[White "Steinacker, Alex"]
[Black "Lopez Rojas, Jeffrey"]
[Result "1-0"]
[WhiteElo "2262"]
[BlackElo "2163"]
[PlyCount "73"]
[EventDate "2017.10.21"]
[EventType "team-tourn"]
[EventRounds "10"]
[EventCountry "GER"]
[SourceTitle "CBM 183 Extra"]
[Source "ChessBase"]
[SourceDate "2018.04.19"]
[SourceVersion "1"]
[SourceVersionDate "2018.04.19"]
[SourceQuality "1"]
[WhiteTeam "Erfurt"]
[BlackTeam "Magdeburg Aufbau Elbe"]
[WhiteTeamCountry "GER"]
[BlackTeamCountry "GER"]

1. g3 c5 2. Bg2 Nc6 3. Nf3 Nf6 4. 0-0 d5 5. d3 e5 6. e4 Be7 7. Nc3 d4 8. Ne2 0-0 9. Nd2 Rb8 10. a4 a6 11. h3 Ne8 12. f4 f6 13. f5 Nd6 14. g4 b5 15. Ng3 c4 16. h4 Nb4 17. axb5 axb5 18. Nf3 Nf7 19. Rf2 Bd7 20. Bf1 Rc8 21. Rg2 cxd3 22. Bxd3 Nd6 23. g5 Ra8 24. Bd2 Nc4 25. Bxc4+ bxc4 26. gxf6 Rxa1 27. Qxa1 gxf6 28. Bh6 Nxc2 29. Rxc2 Rf7 30. Rg2 Kh8 31. Qa6 Qc8 32. Qa5 Be8 33. Qd5 Bc5 34. Nh5 d3+ 35. Kh2 Bf8 36. Bxf8 Rxf8 37. Nxf6 1-0

[Event "BL2-Ost 1617"]
[Site "Germany"]
[Date "2016.11.20"]
[Round "4.8"]
[White "Steinacker, Alex"]
[Black "Jurasek, Miroslav"]
[Result "1-0"]
[WhiteElo "2194"]
[BlackElo "2305"]
[PlyCount "73"]
[EventDate "2016.10.14"]
[EventType "team-tourn"]
[EventRounds "10"]
[EventCountry "GER"]
[SourceTitle "CBM 177 Extra"]
[Source "ChessBase"]
[SourceDate "2017.04.27"]
[SourceVersion "1"]
[SourceVersionDate "2017.04.27"]
[SourceQuality "1"]
[WhiteTeam "Erfurt"]
[BlackTeam "Nickelhuette Aue"]
[WhiteTeamCountry "GER"]
[BlackTeamCountry "GER"]

1. g3 Nf6 2. Bg2 d5 3. Nf3 Bg4 4. 0-0 c6 5. d3 Nbd7 6. Nbd2 e6 7. e4 Be7 8. Qe2 h6 9. Re1 0-0 10. a3 Re8 11. b3 Nh7 12. Bb2 Ng5 13. h4 Nxf3+ 14. Bxf3 Bxf3 15. Nxf3 a5 16. Nh2 Kh7 17. Ng4 Rg8 18. Kg2 a4 19. b4 Nf6 20. Ne5 Qe8 21. c4 Rd8 22. Qf3 b6 23. Rac1 d4 24. c5 b5 25. Nxf7 Qxf7 26. e5 Rd5 27. exf6 gxf6 28. Qe4+ f5 29. Qxe6 Qxe6 30. Rxe6 Bxh4 31. Rxc6 f4 32. Rc7+ Kh8 33. Rh1 fxg3 34. Rxh4 gxf2+ 35. Kf1 Rg1+ 36. Kxf2 Rg6 37. Rxd4 1-0

[Event "Bundesliga 1516"]
[Site "Germany"]
[Date "2016.04.24"]
[Round "15.8"]
[White "Steinacker, Alex"]
[Black "Koop, Thorben"]
[Result "0-1"]
[WhiteElo "2193"]
[BlackElo "2407"]
[PlyCount "68"]
[EventDate "2015.09.18"]
[EventType "team-tourn"]
[EventRounds "15"]
[EventCountry "GER"]
[SourceTitle "CBM 172"]
[Source "ChessBase"]
[SourceDate "2016.05.12"]
[SourceVersion "1"]
[SourceVersionDate "2016.05.12"]
[SourceQuality "1"]
[WhiteTeam "Erfurt"]
[BlackTeam "Werder Bremen"]
[WhiteTeamCountry "GER"]
[BlackTeamCountry "GER"]

1. g3 d5 2. Nf3 c5 3. Bg2 Nc6 4. 0-0 e5 5. d3 f6 6. Kh1 Be6 7. c4 d4 8. e3 Nge7 9. Nbd2 Nc8 10. exd4 cxd4 11. Ng1 Be7 12. f4 0-0 13. f5 Bf7 14. Ne4 Rb8 15. g4 b5 16. b3 bxc4 17. bxc4 Nb4 18. h4 Nd6 19. Nh3 h6 20. g5 fxg5 21. hxg5 Nxe4 22. Bxe4 hxg5 23. Rg1 Rb6 24. Rxg5 Bxg5 25. Bxg5 Qd7 26. Qf3 Bg6 27. Rf1 Na6 28. Bc1 Rbf6 29. Ng5 Bxf5 30. Bd5+ Kh8 31. Qh5+ Rh6 32. Nf7+ Qxf7 33. Qxh6+ gxh6 34. Bxf7 Rxf7 0-1

[Event "Friedrichroda op 18th"]
[Site "Friedrichroda"]
[Date "2014.08.17"]
[Round "7"]
[White "Voelkel, Gerd"]
[Black "Steinacker, Alex"]
[Result "0-1"]
[WhiteElo "2049"]
[BlackElo "2094"]
[PlyCount "76"]
[EventDate "2014.08.13"]
[EventType "swiss"]
[EventRounds "7"]
[EventCountry "GER"]
[SourceTitle "CBM 162 Extra"]
[Source "ChessBase"]
[SourceDate "2014.10.17"]
[SourceVersion "1"]
[SourceVersionDate "2014.10.17"]
[SourceQuality "1"]

1. e4 c5 2. Nc3 Nc6 3. g3 g6 4. Bg2 Bg7 5. Nge2 e6 6. 0-0 Nge7 7. f4 d6 8. d3 0-0 9. h3 Rb8 10. a4 a6 11. Bd2 Bd7 12. Qc1 f5 13. Nd1 Qc7 14. c3 Na5 15. Qc2 Bc6 16. Nf2 c4 17. Nd4 Bd7 18. Rfe1 e5 19. Nf3 Nb3 20. Ra3 Nxd2 21. Qxd2 cxd3 22. Qxd3 fxe4 23. Qxe4 Nc6 24. Qd5+ Kh8 25. Ng5 Nd8 26. Raa1 Bc6 27. Qc4 h6 28. Nf3 d5 29. Qb4 a5 30. Qa3 exf4 31. Re7 Bd7 32. Nh4 Kh7 33. Bxd5 fxg3 34. Ng4 Nc6 35. Bxc6 Qxc6 36. Ne5 Qb6+ 37. Kh1 Bc6+ 38. Ng2 Bxg2+ 0-1

[Event "Friedrichroda op 18th"]
[Site "Friedrichroda"]
[Date "2014.08.13"]
[Round "1"]
[White "Auerswald, Klaus"]
[Black "Steinacker, Alex"]
[Result "0-1"]
[WhiteElo "1830"]
[BlackElo "2094"]
[PlyCount "68"]
[EventDate "2014.08.13"]
[EventType "swiss"]
[EventRounds "7"]
[EventCountry "GER"]
[SourceTitle "CBM 162 Extra"]
[Source "ChessBase"]
[SourceDate "2014.10.17"]
[SourceVersion "1"]
[SourceVersionDate "2014.10.17"]
[SourceQuality "1"]

1. d4 Nf6 2. Nc3 d5 3. Bf4 e6 4. e3 Be7 5. Nf3 0-0 6. Nb5 Na6 7. Bd3 c6 8. Nc3 Nb4 9. Be2 c5 10. dxc5 Bxc5 11. a3 Nc6 12. 0-0 a6 13. Bg5 Be7 14. Bf4 Nh5 15. Bg3 Nxg3 16. hxg3 b5 17. Nd4 Bb7 18. Nxc6 Bxc6 19. Bf3 Bf6 20. Qd2 Rc8 21. Rab1 Qb6 22. Ne2 a5 23. c3 Ba8 24. Rfd1 b4 25. axb4 axb4 26. cxb4 Rc4 27. b5 Qxb5 28. b3 Rb4 29. Qd3 Qb6 30. Qc2 g6 31. Nc1 Rb8 32. Rd3 Rb5 33. Ne2 e5 34. Bg4 Rb4 0-1

[Event "GER-chT U20"]
[Site "Osnabrueck"]
[Date "2013.12.30"]
[Round "7.2"]
[White "Braun, Georg"]
[Black "Steinacker, Alex"]
[Result "1/2-1/2"]
[WhiteElo "2187"]
[BlackElo "2140"]
[PlyCount "80"]
[EventDate "2013.12.27"]
[EventType "team-swiss"]
[EventRounds "7"]
[EventCountry "GER"]
[SourceTitle "EXT 2015"]
[Source "ChessBase"]
[SourceDate "2014.11.20"]
[SourceVersion "1"]
[SourceVersionDate "2014.11.20"]
[SourceQuality "1"]
[WhiteTeam "Bebenhausen"]
[BlackTeam "Erfurt"]
[WhiteTeamCountry "GER"]
[BlackTeamCountry "GER"]

1. e4 c5 2. Nf3 Nc6 3. d4 cxd4 4. Nxd4 g6 5. Nc3 Bg7 6. Be3 Nf6 7. Bc4 Qa5 8. 0-0 0-0 9. Nb3 Qc7 10. Bg5 a6 11. Be2 Re8 12. f4 d6 13. Bxf6 exf6 14. f5 b5 15. Kh1 Bb7 16. a4 b4 17. Nd5 Qd8 18. Bd3 a5 19. Qd2 Re5 20. Rae1 Kh8 21. c4 bxc3 22. Nxc3 Nb4 23. Bb1 Qe7 24. Nd4 Rd8 25. Rd1 Qf8 26. Nb3 Bh6 27. Qf2 gxf5 28. exf5 Be3 29. Qh4 Qg7 30. Be4 Bc8 31. Qh3 Bh6 32. Nd4 Rde8 33. Bf3 Be3 34. Ncb5 Bxd4 35. Nxd4 Nc2 36. Nxc2 Bxf5 37. Qh4 Bxc2 38. Rxd6 Qg5 39. Qxg5 fxg5 40. Rd4 Kg7 1/2-1/2

[Event "BL2-Ost 1213"]
[Site "Germany"]
[Date "2012.11.25"]
[Round "3.8"]
[White "Reiss, Tibor"]
[Black "Steinacker, Alex"]
[Result "1-0"]
[WhiteElo "2375"]
[BlackElo "2059"]
[PlyCount "71"]
[EventDate "2012.10.14"]
[EventType "team-tourn"]
[EventRounds "9"]
[EventCountry "GER"]
[SourceTitle "CBM 154 Extra"]
[Source "ChessBase"]
[SourceDate "2013.06.25"]
[SourceVersion "2"]
[SourceVersionDate "2013.06.25"]
[SourceQuality "1"]
[WhiteTeam "Bayern Muenchen"]
[BlackTeam "Erfurt"]
[WhiteTeamCountry "GER"]
[BlackTeamCountry "GER"]

1. d4 Nf6 2. Bg5 g6 3. Bxf6 exf6 4. c4 Bg7 5. Nc3 f5 6. e3 0-0 7. g3 d6 8. Bg2 Nd7 9. Nge2 Nf6 10. 0-0 h5 11. h4 Qe7 12. Qd3 c6 13. b4 Re8 14. b5 Ne4 15. Rab1 Be6 16. bxc6 bxc6 17. Nxe4 fxe4 18. Bxe4 d5 19. cxd5 cxd5 20. Bg2 Bf5 21. Qb3 Bxb1 22. Rxb1 Bh6 23. Bxd5 Rac8 24. Qd3 Qd6 25. e4 Re7 26. Rd1 Bg7 27. Nf4 Kf8 28. e5 Bxe5 29. dxe5 Qxe5 30. Bb3 Kg7 31. Nh3 Rcc7 32. Ng5 f6 33. Nf3 Qc5 34. Nd4 Qb6 35. Ne2 Rc6 36. Nf4 1-0

[Event "BL2-Ost 1112"]
[Site "Germany"]
[Date "2012.04.15"]
[Round "9.8"]
[White "Epding, Olaf"]
[Black "Steinacker, Alex"]
[Result "1/2-1/2"]
[WhiteElo "2228"]
[BlackElo "1977"]
[PlyCount "154"]
[EventDate "2011.10.02"]
[EventType "team-tourn"]
[EventRounds "9"]
[EventCountry "GER"]
[SourceTitle "EXT 2015"]
[Source "ChessBase"]
[SourceDate "2014.11.20"]
[SourceVersion "1"]
[SourceVersionDate "2014.11.20"]
[SourceQuality "1"]
[WhiteTeam "Nuernberg"]
[BlackTeam "Erfurt"]
[WhiteTeamCountry "GER"]
[BlackTeamCountry "GER"]

1. e4 c5 2. Nf3 a6 3. c4 Nc6 4. d4 cxd4 5. Nxd4 Nf6 6. Nc3 e5 7. Nc2 Bc5 8. Be3 d6 9. Be2 0-0 10. 0-0 Be6 11. Rc1 Nb4 12. Nxb4 Bxb4 13. f3 Bc5 14. Qd2 Nh5 15. Na4 Nf4 16. Nxc5 dxc5 17. Rfd1 Qc7 18. Bf1 Rad8 19. Qf2 b6 20. b4 Rc8 21. bxc5 bxc5 22. Rd2 Qe7 23. Rcd1 Rc6 24. Rb2 Bc8 25. Qg3 Rg6 26. Qe1 Ne6 27. Rb6 Nd4 28. Rxg6 hxg6 29. Qa5 Qd8 30. Qxd8 Rxd8 31. Rb1 Kf8 32. Rb8 Ke7 33. Kf2 Kd6 34. Rb2 f6 35. h4 Rd7 36. g3 Rb7 37. Rxb7 Bxb7 38. Bd3 Bc6 39. f4 Bd7 40. Ke1 Nf3+ 41. Kf2 exf4 42. gxf4 Nxh4 43. Kg3 g5 44. e5+ fxe5 45. fxe5+ Kxe5 46. Bxc5 Bf5 47. Bf1 Ng6 48. Kf3 g4+ 49. Ke3 Bb1 50. Bd4+ Ke6 51. a3 Ne7 52. Kf4 Nf5 53. Bg1 g3 54. c5 a5 55. Bc4+ Kd7 56. Bd5 g6 57. Ke5 Bd3 58. Bf7 Nh4 59. Kf4 g2 60. Bd5 Be2 61. Ke3 Bb5 62. Bf7 Bc6 63. Kf2 Nf3 64. Bxg6 Nxg1 65. Bf5+ Kc7 66. Kxg1 Bd5 67. Bh3 Kc6 68. Bxg2 Bxg2 69. Kxg2 Kxc5 70. Kf2 Kc4 71. Ke2 Kb3 72. Kd2 Kxa3 73. Kc2 a4 74. Kb1 Kb3 75. Ka1 a3 76. Kb1 a2+ 77. Ka1 Ka3 1/2-1/2

[Event "BL2-Ost 1112"]
[Site "Germany"]
[Date "2012.03.18"]
[Round "8.8"]
[White "Steinacker, Alex"]
[Black "Wetscherek, Andreas"]
[Result "0-1"]
[WhiteElo "1977"]
[BlackElo "2352"]
[PlyCount "132"]
[EventDate "2011.10.02"]
[EventType "team-tourn"]
[EventRounds "9"]
[EventCountry "GER"]
[SourceTitle "EXT 2015"]
[Source "ChessBase"]
[SourceDate "2014.11.20"]
[SourceVersion "1"]
[SourceVersionDate "2014.11.20"]
[SourceQuality "1"]
[WhiteTeam "Erfurt"]
[BlackTeam "Bindlach"]
[WhiteTeamCountry "GER"]
[BlackTeamCountry "GER"]

1. Nc3 c5 2. e4 a6 3. Nf3 e6 4. g3 d6 5. Bg2 b6 6. 0-0 Bb7 7. d3 Nd7 8. Qe2 g6 9. h3 Bg7 10. Bg5 Ne7 11. a4 h6 12. Bf4 e5 13. Bd2 0-0 14. Nh4 Nc6 15. Nd5 Nd4 16. Qd1 Kh7 17. c3 Ne6 18. Qe1 Nf6 19. Ne3 d5 20. exd5 Nxd5 21. Ng4 Rb8 22. c4 Ndf4 23. gxf4 Qxh4 24. fxe5 Bxg2 25. Kxg2 h5 26. Nh2 Nf4+ 27. Bxf4 Qxf4 28. Nf3 Rfe8 29. Qe3 Bxe5 30. Nxe5 Qxe5 31. Qxe5 Rxe5 32. Rfe1 Rg5+ 33. Kf3 Rf5+ 34. Kg3 Rd8 35. Re3 a5 36. Rae1 Kg7 37. R1e2 Rd4 38. Kg2 Rf6 39. b3 Rfd6 40. Rd2 f5 41. Re7+ Kf6 42. Rb7 Kg5 43. Rb8 Kf4 44. Rd1 Re6 45. Rd2 Rdd6 46. Kf1 Kf3 47. d4 Rxd4 48. Rd8 Ree4 49. Rd3+ Kf4 50. Rd6 Rxd3 51. Rxd3 Rd4 52. Re3 Rd1+ 53. Kg2 Rb1 54. Kh2 h4 55. Kg2 g5 56. Kh2 Rb2 57. Kg1 g4 58. Rc3 Rd2 59. Kf1 g3 60. fxg3+ hxg3 61. Kg1 Rh2 62. Rd3 Rxh3 63. Rd6 Kf3 64. Rd3+ Ke4 65. Rd6 f4 66. Re6+ Kf3 0-1